| 000 | 00591nam a22002057a 4500 | ||
|---|---|---|---|
| 999 |
_c4016 _d4016 |
||
| 001 | 3680 | ||
| 003 | BD-DhUAP | ||
| 005 | 20200316143641.0 | ||
| 008 | 200316s1996 enka|||| |||| 001 0 eng d | ||
| 020 | _a0435252429 | ||
| 040 |
_aBD-DhUAP _beng _cBD-DhUAP _dBD-DhUAP |
||
| 082 |
_223 _a428.2076 NEL |
||
| 100 | _aNelson, Peta L. | ||
| 245 |
_aGrammar is great! / _cPeta L. Nelson. |
||
| 260 |
_aOxford : _bHeinemann, _cc1995. |
||
| 300 |
_a223 pages : _billustrations ; _c27 cm. |
||
| 500 | _aInclude index. | ||
| 650 |
_aEnglish language _vTextbooks for foreign speakers. |
||
| 942 |
_2ddc _cBK |
||